[Event "23rd EUR-ch"]
[Site "Vrnjacka Banja SRB"]
[Date "2023.03.11"]
[Round "9.71"]
[White "Lobanov, Sergei"]
[Black "Mitsis, Georgios"]
[Result "1-0"]
[WhiteElo "2545"]
[BlackElo "2407"]
[EventDate "2023.03.03"]
[PlyCount "77"]

1.d4 Nf6 2.c4 e6 3.Nc3 Bb4 4.e3 b6 5.Ne2 Ne4 6.Qc2 Bb7 7.a3 Bxc3+ 8.Nxc3 
f5 9.b4 a5 10.Bb2 axb4 11.axb4 Rxa1+ 12.Bxa1 Qe7 13.Nxe4 Bxe4 14.Qd2 Bb7 
15.f3 O-O 16.Bd3 d6 17.O-O Nd7 18.Bc3 e5 19.Bc2 e4 20.d5 exf3 21.Rxf3 Ne5 
22.Rf4 Bc8 23.Qd4 Bd7 24.h3 Rf7 25.Rf1 Qg5 26.c5 Bb5 27.Rf2 Nd7 28.cxd6 
cxd6 29.Bxf5 Nf8 30.Qxb6 Rxf5 31.Rxf5 Qxf5 32.Qxb5 h5 33.Qc4 Kh7 34.Qc7 
Qg5 35.Bd4 Kg8 36.Qxd6 Ng6 37.Qe6+ Kh8 38.d6 Nh4 39.Qe4 1-0

[Event "23rd EUR-ch"]
[Site "Vrnjacka Banja SRB"]
[Date "2023.03.11"]
[Round "9.72"]
[White "Agdelen, Huseyin Can"]
[Black "Stremavicius, Titas"]
[Result "0-1"]
[WhiteElo "2411"]
[BlackElo "2544"]
[EventDate "2023.03.03"]
[PlyCount "106"]

1.e4 c5 2.Nf3 Nc6 3.d4 cxd4 4.Nxd4 Nf6 5.Nc3 d6 6.Bc4 Bd7 7.Be3 Ng4 8.Nxc6
bxc6 9.Bd2 g6 10.Qe2 Ne5 11.Bb3 c5 12.f4 Nc6 13.e5 Nd4 14.Qf2 Bg7 15.Be3 
O-O 16.exd6 exd6 17.O-O-O Rb8 18.Bxd4 Bxd4 19.Rxd4 cxd4 20.Qxd4 Bc6 21.
Qxa7 Bxg2 22.Rg1 Ba8 23.Qd4 Qb6 24.Rd1 Rfe8 25.Qxb6 Rxb6 26.Bd5 Kg7 27.
Bxa8 Rxa8 28.Rd4 Re8 29.a4 Re1+ 30.Nd1 Ra6 31.b3 f5 32.Rd2 Rf1 33.Rd4 Kf6 
34.Kb2 g5 35.fxg5+ Ke5 36.Rd2 f4 37.Ka3 d5 38.b4 Rf3+ 39.c3 d4 40.Rxd4 
Rxc3+ 41.Nxc3 Kxd4 42.Ne2+ Ke5 43.Nxf4 Kxf4 44.b5 Ra8 45.Kb4 Ke5 46.b6 Kd6
47.Kb5 Re8 48.a5 Re5+ 49.Ka6 Kc6 50.h4 Rd5 51.h5 Rxg5 52.h6 Re5 53.b7 Kc7 
0-1

[Event "23rd EUR-ch"]
[Site "Vrnjacka Banja SRB"]
[Date "2023.03.11"]
[Round "9.73"]
[White "Muradli, Mahammad"]
[Black "Antic, Dejan"]
[Result "1-0"]
[WhiteElo "2539"]
[BlackElo "2388"]
[EventDate "2023.03.03"]
[PlyCount "73"]

1.Nf3 e6 2.c4 Nf6 3.g3 d5 4.Bg2 d4 5.O-O c5 6.e3 Nc6 7.exd4 cxd4 8.d3 Bd6 
9.Bg5 h6 10.Bxf6 Qxf6 11.Nbd2 Qe7 12.a3 a5 13.Re1 O-O 14.Rc1 Rd8 15.Qc2 a4
16.Re4 Bc7 17.Rce1 f5 18.R4e2 Qf6 19.c5 e5 20.b4 axb3 21.Qxb3+ Qf7 22.Nc4 
e4 23.Nfd2 Ba5 24.Qb1 Bc7 25.dxe4 Be6 26.Qd3 Ra4 27.Rc1 f4 28.e5 Bxc4 29.
Rxc4 Ra5 30.e6 Qf6 31.Bxc6 bxc6 32.Nf3 Qe7 33.Rxd4 Rxd4 34.Nxd4 Rxc5 35.
Nf5 Qe8 36.e7 Rd5 37.Qe4 1-0

[Event "23rd EUR-ch"]
[Site "Vrnjacka Banja SRB"]
[Date "2023.03.11"]
[Round "9.74"]
[White "Mastrovasilis, Athanasios"]
[Black "Vetokhin, Savva"]
[Result "0-1"]
[WhiteElo "2518"]
[BlackElo "2388"]
[EventDate "2023.03.03"]
[PlyCount "62"]

1.d4 Nf6 2.Nf3 d5 3.c4 e6 4.e3 b6 5.Nc3 Bd6 6.Qc2 Bb7 7.cxd5 exd5 8.Nb5 
Bb4+ 9.Bd2 Bxd2+ 10.Nxd2 c6 11.Nc3 O-O 12.Be2 c5 13.Nf3 Nc6 14.Rd1 c4 15.
Ne5 Re8 16.f4 Nb4 17.Qd2 Nd3+ 18.Bxd3 cxd3 19.Qxd3 a5 20.a4 Ba6 21.Qf5 Qd6
22.Kf2 g6 23.Qg5 Rac8 24.Ng4 Nxg4+ 25.Qxg4 Qb4 26.Nxd5 Qxb2+ 27.Kg3 Bb7 
28.Nf6+ Kg7 29.Nxe8+ Rxe8 30.Kh4 Rxe3 31.Rhg1 f5 0-1

[Event "23rd EUR-ch"]
[Site "Vrnjacka Banja SRB"]
[Date "2023.03.11"]
[Round "9.75"]
[White "Beerdsen, Thomas"]
[Black "Pasztor, Balazs"]
[Result "1-0"]
[WhiteElo "2510"]
[BlackElo "2387"]
[EventDate "2023.03.03"]
[PlyCount "75"]

1.e4 e5 2.Nf3 Nc6 3.d4 exd4 4.Bc4 Bc5 5.Ng5 Nh6 6.Nxf7 Nxf7 7.Bxf7+ Kxf7 
8.Qh5+ g6 9.Qxc5 d5 10.c3 dxe4 11.O-O Qd6 12.Qxd6 cxd6 13.cxd4 Nxd4 14.Nc3
Nc2 15.Rb1 Be6 16.Bh6 Bc4 17.Rfd1 Bd3 18.f3 Nd4 19.fxe4 Bxb1 20.Rxd4 Bxa2 
21.Nxa2 Rhd8 22.Nc3 a6 23.Bg5 Rd7 24.Nd5 Rh8 25.Nb6 Rc7 26.Rxd6 Rc2 27.b3 
Re8 28.Rd7+ Ke6 29.Rxb7 Ke5 30.Nc4+ Kd4 31.Bf6+ Kd3 32.e5 h5 33.h3 Re6 34.
Rd7+ Kc3 35.Rd6 Re8 36.Rb6 Kd4 37.e6+ Kc5 38.Rxa6 1-0

[Event "23rd EUR-ch"]
[Site "Vrnjacka Banja SRB"]
[Date "2023.03.11"]
[Round "9.76"]
[White "Czerw, Dawid"]
[Black "Valsecchi, Alessio"]
[Result "1/2-1/2"]
[WhiteElo "2404"]
[BlackElo "2505"]
[EventDate "2023.03.03"]
[PlyCount "108"]

1.e4 e5 2.Nf3 Nc6 3.Bb5 a6 4.Ba4 Nf6 5.O-O b5 6.Bb3 Bb7 7.Re1 Bc5 8.c3 d6 
9.d4 Bb6 10.a4 h6 11.Be3 exd4 12.cxd4 Na5 13.d5 Bxe3 14.Rxe3 Ng4 15.Re2 
O-O 16.Nbd2 Nxb3 17.Nxb3 c5 18.dxc6 Bxc6 19.Nbd4 Bd7 20.axb5 axb5 21.Rc1 
Ne5 22.h3 Qf6 23.Qb3 Ng6 24.Ree1 Rfc8 25.Rxc8+ Rxc8 26.Qe3 Re8 27.Kh2 Nf4 
28.Ne2 Nxe2 29.Rxe2 Bc6 30.Qd3 Qf4+ 31.g3 Qf6 32.Qc3 Qxc3 33.bxc3 Rxe4 34.
Rxe4 Bxe4 35.Nd4 Bd3 36.Kg2 Kf8 37.Kf3 g6 38.Ke3 Bf1 39.h4 Ke7 40.Nc2 Ke6 
41.Kd4 Be2 42.Ke3 Bc4 43.Kd4 f6 44.f4 Bb3 45.Ne3 f5 46.Nf1 Kf6 47.Ne3 g5 
48.hxg5+ hxg5 49.Nd5+ Kf7 50.fxg5 Kg6 51.Ne7+ Kxg5 52.Nc8 d5 53.Nd6 Kg4 
54.Ke5 Bc2 1/2-1/2

[Event "23rd EUR-ch"]
[Site "Vrnjacka Banja SRB"]
[Date "2023.03.11"]
[Round "9.77"]
[White "Malcewska, Aleksandra"]
[Black "Fernandez, Daniel Howard"]
[Result "1/2-1/2"]
[WhiteElo "2388"]
[BlackElo "2498"]
[EventDate "2023.03.03"]
[PlyCount "91"]

1.e4 c5 2.Nf3 d6 3.d4 cxd4 4.Nxd4 Nf6 5.f3 e5 6.Nb3 d5 7.Bg5 dxe4 8.Qxd8+ 
Kxd8 9.Bxf6+ gxf6 10.fxe4 Be6 11.Nc3 h5 12.O-O-O+ Kc7 13.Be2 h4 14.Rhf1 
Rg8 15.Rxf6 Nd7 16.Nb5+ Kd8 17.Rf2 Bh6+ 18.Kb1 Bf4 19.Nc5 Ke7 20.Nxe6 fxe6
21.h3 Be3 22.Rf3 Bb6 23.Rdf1 Raf8 24.Rxf8 Nxf8 25.Bf3 Ng6 26.Na3 Bc5 27.c3
Bxa3 28.bxa3 Nf4 29.Rf2 b5 30.Kc2 Kd6 31.Kb3 Kc5 32.Rd2 Rg3 33.Rd7 a5 34.
a4 b4 35.cxb4+ axb4 36.Rc7+ Kd6 37.Rf7 Nxg2 38.Kxb4 Nf4 39.Bg4 Re3 40.a5 
Rxe4+ 41.Kb5 Nd5 42.a3 Nc3+ 43.Ka6 Na4 44.Kb5 Nc3+ 45.Ka6 Na4 46.Kb5 
1/2-1/2

[Event "23rd EUR-ch"]
[Site "Vrnjacka Banja SRB"]
[Date "2023.03.11"]
[Round "9.78"]
[White "Kukhmazov, Arsen"]
[Black "Patrelakis, Evaggelos"]
[Result "1-0"]
[WhiteElo "2495"]
[BlackElo "2387"]
[EventDate "2023.03.03"]
[PlyCount "123"]

1.Nf3 Nf6 2.c4 e6 3.g3 d5 4.d4 Bb4+ 5.Nbd2 O-O 6.Bg2 b6 7.O-O Bb7 8.b3 c5 
9.Bb2 dxc4 10.Nxc4 cxd4 11.Bxd4 b5 12.Nce5 Nc6 13.Nxc6 Bxc6 14.e3 Qe7 15.
Qe2 a6 16.Rac1 Rac8 17.Rxc6 Rxc6 18.Ne5 Rcc8 19.Nc6 Rxc6 20.Bxc6 Rc8 21.
Bg2 e5 22.Bb2 Qe6 23.Rd1 h6 24.Qd3 Be7 25.Qb1 Rd8 26.Rc1 Bb4 27.Rd1 Rc8 
28.Qd3 Be7 29.Rc1 Rxc1+ 30.Bxc1 Nd7 31.Qd5 Qxd5 32.Bxd5 b4 33.Kf1 Nb6 34.
Bc6 Bd6 35.e4 Bc5 36.f4 f6 37.fxe5 fxe5 38.Bb2 Bd6 39.Ke2 Kf7 40.Kf3 Kf6 
41.Bc1 Bc5 42.h4 a5 43.h5 Nc8 44.g4 Nd6 45.g5+ hxg5 46.Bd5 Nf7 47.Bxf7 
Kxf7 48.Bxg5 Bb6 49.Ke2 g6 50.hxg6+ Kxg6 51.Bh4 Kh5 52.Bf6 Bc7 53.Kd3 Kg4 
54.Kc4 Kf3 55.Kd5 Kf4 56.Bh8 Ke3 57.Bxe5 Bd8 58.Bd6 Kd3 59.e5 Kc2 60.Kc4 
Kb2 61.Kb5 Kxa2 62.Ka4 1-0

[Event "23rd EUR-ch"]
[Site "Vrnjacka Banja SRB"]
[Date "2023.03.11"]
[Round "9.79"]
[White "Blohberger, Felix"]
[Black "Bethke, Richard"]
[Result "1-0"]
[WhiteElo "2493"]
[BlackElo "2383"]
[EventDate "2023.03.03"]
[PlyCount "109"]

1.Nf3 Nf6 2.g3 e6 3.Bg2 d5 4.O-O c5 5.b3 Nc6 6.d4 Be7 7.Bb2 O-O 8.Nbd2 b6 
9.c4 Ba6 10.Rc1 Rc8 11.dxc5 bxc5 12.cxd5 exd5 13.Re1 Qa5 14.Bc3 Qb6 15.Ne5
Nxe5 16.Bxe5 Rfd8 17.e3 Qe6 18.Bb2 Ne4 19.Qc2 f5 20.Rcd1 Bf6 21.Bxf6 Qxf6 
22.Rc1 Qe7 23.Bh3 g6 24.Nxe4 Qxe4 25.Red1 Qe5 26.Bf1 Bb7 27.Bg2 Ba6 28.Qd2
d4 29.Qa5 Qd6 30.h4 Kg7 31.Rd2 Qb6 32.Qxb6 axb6 33.exd4 cxd4 34.Rxc8 Bxc8 
35.f4 Ba6 36.Kf2 Kf8 37.a4 b5 38.Bf1 d3 39.a5 b4 40.Rd1 h6 41.Ke3 Re8+ 42.
Kd4 Re4+ 43.Kc5 Re3 44.Kxb4 Rxg3 45.Kc5 Rf3 46.Kb6 Bc8 47.b4 Rxf4 48.b5 
Rxh4 49.Rxd3 Ke7 50.a6 Bxa6 51.bxa6 Rb4+ 52.Ka5 Rb8 53.Bg2 h5 54.a7 Rc8 
55.Bb7 1-0

[Event "23rd EUR-ch"]
[Site "Vrnjacka Banja SRB"]
[Date "2023.03.11"]
[Round "9.80"]
[White "Gorodetzky, David"]
[Black "Stremavicius, Pijus"]
[Result "1-0"]
[WhiteElo "2488"]
[BlackElo "2383"]
[EventDate "2023.03.03"]
[PlyCount "147"]

1.d4 d5 2.c4 e6 3.Nc3 a6 4.cxd5 exd5 5.Bf4 Nf6 6.e3 Bd6 7.Bg5 Be6 8.Bd3 
Nbd7 9.Nge2 h6 10.Bh4 c6 11.Bg3 Qe7 12.Qd2 O-O 13.O-O Bxg3 14.Nxg3 Rfd8 
15.f3 c5 16.dxc5 Nxc5 17.Bc2 Rac8 18.Rad1 Ncd7 19.Nce2 Ne5 20.b3 Nc6 21.
Bb1 Qc5 22.Nd4 Nxd4 23.Qxd4 Qxd4 24.Rxd4 Rd7 25.Ne2 Kf8 26.Rd2 Rdc7 27.Kf2
Bd7 28.Rfd1 a5 29.Bd3 b5 30.a3 b4 31.axb4 axb4 32.Ra1 Rb8 33.Nd4 Ne8 34.
Ra5 Be6 35.Rc2 Rbb7 36.Ke2 Rxc2+ 37.Nxc2 Bd7 38.Rxd5 Be6 39.Rd4 Bxb3 40.
Rxb4 Rxb4 41.Nxb4 Nd6 42.Kd2 Ke7 43.Kc3 Be6 44.e4 g5 45.Kd4 Bb3 46.Nc6+ 
Kd7 47.Ne5+ Ke7 48.Ng4 h5 49.Ne3 h4 50.e5 Ne8 51.Ke4 Be6 52.Bc4 f6 53.Nf5+
Kf7 54.Bxe6+ Kxe6 55.Nd4+ Kf7 56.e6+ Ke7 57.f4 gxf4 58.Kxf4 Kd6 59.Kf5 Kd5
60.Nc2 h3 61.gxh3 Ng7+ 62.Kxf6 Nxe6 63.h4 Nf4 64.Kf5 Nh5 65.Kg5 Ng7 66.Kg6
Ne6 67.h5 Nf4+ 68.Kg5 Ke5 69.h6 Ne6+ 70.Kg6 Nf4+ 71.Kf7 Kf5 72.h7 Ng6 73.
Kg7 Kg5 74.Nd4 1-0

[Event "23rd EUR-ch"]
[Site "Vrnjacka Banja SRB"]
[Date "2023.03.11"]
[Round "9.81"]
[White "Samunenkov, Ihor"]
[Black "Barseghian, Armen Ar."]
[Result "1-0"]
[WhiteElo "2488"]
[BlackElo "2382"]
[EventDate "2023.03.03"]
[PlyCount "123"]

1.d4 Nf6 2.c4 e6 3.Nc3 Bb4 4.Qc2 O-O 5.a3 Bxc3+ 6.Qxc3 d5 7.Nf3 c5 8.dxc5 
Nc6 9.e3 Ne4 10.Qc2 Qa5+ 11.Nd2 Nxd2 12.Bxd2 Qxc5 13.b4 Qb6 14.c5 Qc7 15.
Bd3 h6 16.f4 Bd7 17.O-O Ne7 18.Bc3 Rac8 19.Be5 Qd8 20.e4 Bc6 21.exd5 Nxd5 
22.Qe2 a6 23.Rf3 f5 24.Rg3 Nf6 25.Bc4 Bd5 26.Bxd5 exd5 27.Rd1 Rf7 28.Qa2 
b6 29.Bxf6 Qxf6 30.Qxd5 bxc5 31.bxc5 Kh7 32.Re3 Rff8 33.Qe5 Qc6 34.Rc3 
Rce8 35.Qd6 Qe4 36.Qxa6 Rd8 37.Rcd3 Qe2 38.Rxd8 Qxa6 39.Rxf8 Qxa3 40.Rxf5 
Qe3+ 41.Kh1 Qe4 42.Re5 Qc2 43.Rde1 Qc4 44.f5 h5 45.f6 gxf6 46.Rxh5+ Kg6 
47.Rh3 Qxc5 48.Rf3 Qd4 49.Ref1 Kg7 50.Rxf6 Qe4 51.R6f3 Qd5 52.Rg3+ Kh7 53.
h3 Qe5 54.Kh2 Kh6 55.Rf7 Qd6 56.Rg7 Qb8 57.Rg8 Qb2 58.R8g7 Qb8 59.Rg4 Kh5 
60.Rg6 Qb2 61.R3g5+ Kh4 62.Rg8 1-0

[Event "23rd EUR-ch"]
[Site "Vrnjacka Banja SRB"]
[Date "2023.03.11"]
[Round "9.82"]
[White "Gokerkan, Cem Kaan"]
[Black "Nemec, Jachym"]
[Result "1/2-1/2"]
[WhiteElo "2486"]
[BlackElo "2371"]
[EventDate "2023.03.03"]
[PlyCount "185"]

1.Nf3 d5 2.g3 Nf6 3.Bg2 c6 4.O-O Bg4 5.Ne5 Bf5 6.d4 e6 7.c4 Nbd7 8.Nc3 Be7
9.cxd5 exd5 10.f3 Nxe5 11.dxe5 Nd7 12.f4 Qb6+ 13.Kh1 Rd8 14.e4 Bxe4 15.
Nxe4 dxe4 16.Qc2 Qb5 17.Qxe4 Nc5 18.Qf3 O-O 19.Be3 Nd3 20.a4 Qa5 21.Qe2 
Bc5 22.Rfd1 Bxe3 23.Rxd3 Rxd3 24.Qxd3 Bb6 25.Qd7 Rb8 26.b3 Qc3 27.Rf1 Qc5 
28.h4 Kf8 29.Kh2 Qd4 30.Qf5 Kg8 31.Re1 Qd2 32.Re4 Re8 33.Qg4 Qd5 34.b4 g6 
35.Re2 Qe6 36.Qf3 Rd8 37.b5 Rd1 38.Bh3 Qd5 39.Qxd5 cxd5 40.Rc2 d4 41.Rc8+ 
Kg7 42.Rb8 d3 43.Rxb7 d2 44.Rd7 h5 45.Bg2 Kf8 46.Be4 Re1 47.Bc2 Re2+ 48.
Kh3 Ke8 49.Rd3 Ba5 50.Bd1 Rf2 51.Rf3 Rxf3 52.Bxf3 Ke7 53.Kg2 f6 54.exf6+ 
Kxf6 55.Kf2 Bb6+ 56.Ke2 Ba5 57.Kd3 Ke6 58.Ke4 Bb6 59.Bd1 Bf2 60.a5 Kd6 61.
Kf3 Bc5 62.f5 gxf5 63.Kf4 Bb4 64.a6 Kc7 65.Kxf5 Bd6 66.g4 hxg4 67.Bxg4 Kb6
68.Be2 Ba3 69.h5 Bb2 70.h6 d1=Q 71.Bxd1 Kxb5 72.Be2+ Kb6 73.h7 Kc7 74.Ke6 
Ba1 75.Kf7 Kb6 76.Kg8 Kc7 77.h8=Q Bxh8 78.Kxh8 Kd8 79.Kg7 Kc7 80.Kf7 Kb8 
81.Ke7 Ka8 82.Kd7 Kb8 83.Bd1 Ka8 84.Kc6 Kb8 85.Bb3 Ka8 86.Bf7 Kb8 87.Bd5 
Kc8 88.Kd6 Kb8 89.Be4 Kc8 90.Bf3 Kb8 91.Kc6 Kc8 92.Bh1 Kb8 93.Kd6 1/2-1/2

[Event "23rd EUR-ch"]
[Site "Vrnjacka Banja SRB"]
[Date "2023.03.11"]
[Round "9.83"]
[White "Zajic, Milan"]
[Black "Kraus, Tomas"]
[Result "1-0"]
[WhiteElo "2387"]
[BlackElo "2486"]
[EventDate "2023.03.03"]
[PlyCount "113"]

1.e4 c5 2.Nf3 e6 3.d4 cxd4 4.Nxd4 Nf6 5.Nc3 Nc6 6.Nxc6 bxc6 7.e5 Nd5 8.Ne4
Bb7 9.Be2 c5 10.O-O Ne3 11.Bxe3 Bxe4 12.Bf3 Bxf3 13.Qxf3 Be7 14.Rad1 Rb8 
15.b3 O-O 16.c4 Qc7 17.Qg3 Rfd8 18.Bh6 g6 19.Bf4 Qc6 20.Rfe1 Rb7 21.Rd3 
Rdb8 22.Bg5 Bxg5 23.Qxg5 Qc8 24.Red1 Rc7 25.Rh3 Qf8 26.Rdd3 Qg7 27.g4 Rf8 
28.Qf6 h6 29.Rh4 Qxf6 30.exf6 Kh7 31.f4 g5 32.fxg5 Kg6 33.gxh6 Rh8 34.Kg2 
Kxf6 35.Kf3 Kg6 36.Ke4 Rxh6 37.Rxh6+ Kxh6 38.Ke5 Kg5 39.h3 Rb7 40.Rf3 Kg6 
41.Kd6 Rb6+ 42.Kxc5 f5 43.Rd3 Rc6+ 44.Kd4 d6 45.gxf5+ Kxf5 46.Rf3+ Kg6 47.
b4 Ra6 48.c5 dxc5+ 49.bxc5 Ra4+ 50.Ke5 Rc4 51.Kd6 e5 52.Kd5 Rc2 53.c6 e4 
54.Re3 Kf5 55.Rxe4 Rxa2 56.Rd4 a5 57.c7 1-0

[Event "23rd EUR-ch"]
[Site "Vrnjacka Banja SRB"]
[Date "2023.03.11"]
[Round "9.84"]
[White "Injac, Teodora"]
[Black "Kosakowski, Jakub"]
[Result "1-0"]
[WhiteElo "2383"]
[BlackElo "2476"]
[EventDate "2023.03.03"]
[PlyCount "87"]

1.d4 Nf6 2.c4 e6 3.Nf3 d5 4.g3 Bb4+ 5.Bd2 a5 6.Bg2 O-O 7.O-O dxc4 8.Qc2 
Bxd2 9.Qxd2 b5 10.a4 c6 11.Ne5 Nd5 12.Na3 Qe8 13.Rfe1 f6 14.Ng4 Ba6 15.
axb5 cxb5 16.e4 Nb4 17.e5 Ra7 18.exf6 gxf6 19.Qf4 Qe7 20.Nh6+ Kh8 21.Nf5 
Qd7 22.Qh6 Kg8 23.Nh4 Nd3 24.Re4 Qg7 25.Qe3 f5 26.Rxe6 f4 27.Qe4 fxg3 28.
fxg3 Raf7 29.Qe3 b4 30.Nc2 Bb5 31.Rxa5 b3 32.Na3 Qg4 33.h3 Qd1+ 34.Kh2 Bd7
35.Rg5+ Kh8 36.Rh6 Qc1 37.Ng6+ Kg7 38.Ne5+ Kh8 39.Ng6+ Kg7 40.Nxf8+ Kxf8 
41.Qxc1 Nxc1 42.Nxc4 Rf2 43.Rb6 Nc6 44.Kg1 1-0

[Event "23rd EUR-ch"]
[Site "Vrnjacka Banja SRB"]
[Date "2023.03.11"]
[Round "9.85"]
[White "Sokolovsky, Yahli"]
[Black "Aizenberg, Benny"]
[Result "0-1"]
[WhiteElo "2476"]
[BlackElo "2367"]
[EventDate "2023.03.03"]
[PlyCount "80"]

1.e4 c5 2.Nf3 Nc6 3.Bb5 e6 4.O-O Nge7 5.c3 a6 6.Ba4 b5 7.Bc2 Bb7 8.Re1 c4 
9.d4 cxd3 10.Bxd3 Ng6 11.Nbd2 Be7 12.a4 b4 13.Nc4 O-O 14.Be3 d5 15.exd5 
exd5 16.Ncd2 Bf6 17.Nd4 bxc3 18.bxc3 Nxd4 19.cxd4 a5 20.Qh5 Re8 21.Bb5 Re7
22.Rab1 Nf8 23.Nb3 Ne6 24.Rec1 Rc7 25.Qe2 Rac8 26.Rxc7 Qxc7 27.Qd2 Ra8 28.
Rc1 Qd8 29.Nc5 Bc8 30.Qc3 Nxc5 31.Qxc5 Be6 32.Bc6 Be7 33.Qb5 Rb8 34.Bb7 
Bd7 35.Qxd5 Bxa4 36.Bd2 Qb6 37.Bc8 Ba3 38.Bxa5 Qb5 39.Qd8+ Qe8 40.Qxe8+ 
Bxe8 0-1

[Event "23rd EUR-ch"]
[Site "Vrnjacka Banja SRB"]
[Date "2023.03.11"]
[Round "9.86"]
[White "Firat, Burak"]
[Black "Hagner, Bennet"]
[Result "1/2-1/2"]
[WhiteElo "2471"]
[BlackElo "2361"]
[EventDate "2023.03.03"]
[PlyCount "152"]

1.Nf3 d5 2.g3 g6 3.c4 dxc4 4.Na3 Bg7 5.Nxc4 Nc6 6.d3 e5 7.Bd2 Nge7 8.b4 b5
9.Na3 Rb8 10.Nc2 Nd4 11.Ncxd4 exd4 12.Bg2 O-O 13.O-O Nd5 14.Qc2 Re8 15.
Rfe1 Rb6 16.Rac1 Bb7 17.a3 Rc6 18.Qb2 Nc3 19.Kf1 Qa8 20.Bxc3 Rxc3 21.Rxc3 
dxc3 22.Qc2 a5 23.bxa5 Qxa5 24.Qb3 Qa4 25.Qxa4 bxa4 26.Rc1 Rb8 27.Ne1 
Bxg2+ 28.Kxg2 Rb2 29.Nc2 Ra2 30.Kf3 Bf8 31.Ke3 Bxa3 32.Nxa3 Rxa3 33.Kd4 
Ra2 34.Ke3 Ra3 35.Kd4 c5+ 36.Kxc5 Ra2 37.Rxc3 Rxe2 38.f4 Rxh2 39.d4 Kf8 
40.d5 Ke7 41.Ra3 Rc2+ 42.Kd4 Rg2 43.Ke4 h5 44.Kf3 Rd2 45.Rxa4 Rd3+ 46.Kf2 
Kf6 47.Re4 Rxd5 48.Re3 Rd2+ 49.Kf3 Rh2 50.Ra3 Kg7 51.Ra7 Rb2 52.Ra3 Kh6 
53.Rc3 Ra2 54.Rb3 Rc2 55.Ra3 Rb2 56.Rc3 Rd2 57.Ra3 Kg7 58.Rb3 Kf6 59.Rb6+ 
Kf5 60.Rb5+ Ke6 61.Rb6+ Kd5 62.Rb5+ Kd4 63.Rb4+ Kd5 64.Rb5+ Kc6 65.Rb3 f5 
66.Ra3 Rb2 67.Rc3+ Kd5 68.Rd3+ Kc5 69.Rc3+ Kd5 70.Rd3+ Ke6 71.Ra3 Kf6 72.
Ra6+ Kg7 73.Ra7+ Kh6 74.Ra8 Rh2 75.Rb8 Ra2 76.Rc8 Ra3+ 1/2-1/2

[Event "23rd EUR-ch"]
[Site "Vrnjacka Banja SRB"]
[Date "2023.03.11"]
[Round "9.87"]
[White "Garrido Outon, Alex"]
[Black "Samadov, Read"]
[Result "0-1"]
[WhiteElo "2380"]
[BlackElo "2471"]
[EventDate "2023.03.03"]
[PlyCount "66"]

1.e4 c5 2.Nf3 d6 3.d4 cxd4 4.Nxd4 Nf6 5.Nc3 a6 6.Bd3 e5 7.Nde2 Be7 8.O-O 
O-O 9.Ng3 Be6 10.Nd5 Bxd5 11.exd5 g6 12.c4 Nbd7 13.Bh6 Re8 14.Re1 Bf8 15.
Bg5 Bg7 16.Bf1 Rc8 17.b4 h6 18.Be3 h5 19.Bg5 Qb6 20.Qd2 Qd4 21.Qxd4 exd4 
22.Rxe8+ Rxe8 23.Rd1 Rc8 24.h3 Nb6 25.Rc1 h4 26.Bxh4 Nbxd5 27.a3 Nc3 28.
Re1 Nd7 29.Ne4 Nxe4 30.Rxe4 Ne5 31.Bg3 Nxc4 32.Bxc4 Rxc4 33.Bxd6 d3 0-1

[Event "23rd EUR-ch"]
[Site "Vrnjacka Banja SRB"]
[Date "2023.03.11"]
[Round "9.88"]
[White "Saraci, Nderim"]
[Black "Carbonell Sancho, Marc"]
[Result "1-0"]
[WhiteElo "2469"]
[BlackElo "2364"]
[EventDate "2023.03.03"]
[PlyCount "59"]

1.e4 e6 2.d4 d5 3.Nc3 Nf6 4.e5 Nfd7 5.f4 c5 6.Nf3 Nc6 7.Be3 Be7 8.Qd2 O-O 
9.Be2 a6 10.O-O b5 11.Kh1 Qc7 12.a3 Bb7 13.Nd1 cxd4 14.Nxd4 Nxd4 15.Bxd4 
f6 16.exf6 Bxf6 17.Ne3 Rae8 18.Bg4 Nc5 19.Qc3 Bxd4 20.Qxd4 Ne4 21.g3 e5 
22.fxe5 Rxf1+ 23.Rxf1 Qxe5 24.Nf5 Ng5 25.h4 Ne4 26.Kg2 Qc7 27.c3 Rf8 28.
Nh6+ gxh6 29.Be6+ Rf7 30.Bxf7+ 1-0

[Event "23rd EUR-ch"]
[Site "Vrnjacka Banja SRB"]
[Date "2023.03.11"]
[Round "9.89"]
[White "Kurmann, Oliver"]
[Black "Tadic, Stefan"]
[Result "1/2-1/2"]
[WhiteElo "2464"]
[BlackElo "2353"]
[EventDate "2023.03.03"]
[PlyCount "64"]

1.e4 c5 2.Nf3 e6 3.d4 cxd4 4.Nxd4 Nf6 5.Bd3 Nc6 6.Nxc6 dxc6 7.Nd2 e5 8.O-O
Bc5 9.Nb3 Bb6 10.a4 a5 11.Qe2 Bg4 12.Qe1 Be6 13.Nd2 O-O 14.Bc4 Qe7 15.b3 
Bc5 16.Bxe6 Qxe6 17.Nc4 Bd4 18.Ra2 b5 19.axb5 cxb5 20.Nxa5 Rfc8 21.Bd2 Qg4
22.c3 Bb6 23.c4 bxc4 24.bxc4 Qxe4 25.Qa1 h6 26.h3 Qd3 27.Bc3 Bxa5 28.Rxa5 
Rxa5 29.Qxa5 Ne4 30.Bxe5 Nd2 31.Re1 Nxc4 32.Qc3 Qxc3 1/2-1/2

[Event "23rd EUR-ch"]
[Site "Vrnjacka Banja SRB"]
[Date "2023.03.11"]
[Round "9.90"]
[White "Suarez Uriel, Adrian"]
[Black "Sousa, Andre Ventura"]
[Result "0-1"]
[WhiteElo "2370"]
[BlackElo "2464"]
[EventDate "2023.03.03"]
[PlyCount "74"]

1.e4 c6 2.d4 d5 3.e5 Bf5 4.Nf3 e6 5.Be2 Ne7 6.c3 Ng6 7.h4 h5 8.g3 c5 9.O-O
Nc6 10.Re1 Qb6 11.Na3 Rc8 12.c4 Be7 13.cxd5 exd5 14.Bd3 Bg4 15.dxc5 Bxc5 
16.Be3 d4 17.Bd2 Bxa3 18.bxa3 O-O 19.Rb1 Ncxe5 20.Rxb6 Nxf3+ 21.Kh1 Nxe1 
22.Qxe1 Bf3+ 23.Kh2 axb6 24.Qb1 Ne5 25.Bf5 Rcd8 26.Bg5 d3 27.Qb4 f6 28.Bf4
Ng4+ 29.Kg1 Rfe8 30.Bd2 Ne5 31.Bc3 Bc6 32.Kf1 Nf3 33.Qc4+ Rd5 34.Bxd3 b5 
35.Qb3 Kh8 36.Bc2 Rd2 37.Qb1 Re1+ 0-1

[Event "23rd EUR-ch"]
[Site "Vrnjacka Banja SRB"]
[Date "2023.03.11"]
[Round "9.91"]
[White "Stefansson, Vignir Vatnar"]
[Black "Samani, Yamac"]
[Result "1-0"]
[WhiteElo "2461"]
[BlackElo "2357"]
[EventDate "2023.03.03"]
[PlyCount "43"]

1.Nf3 d5 2.c4 dxc4 3.e3 Nf6 4.Bxc4 e6 5.d4 c5 6.O-O a6 7.a4 cxd4 8.exd4 
Nc6 9.Nc3 Be7 10.Bg5 O-O 11.Re1 h6 12.Bh4 Na5 13.Bd3 Bd7 14.Bc2 Rc8 15.Qd3
g6 16.Ne5 Be8 17.Rad1 Kg7 18.d5 exd5 19.Ng4 Nc6 20.Rxe7 Qxe7 21.Bxf6+ Qxf6
22.Nxf6 1-0

[Event "23rd EUR-ch"]
[Site "Vrnjacka Banja SRB"]
[Date "2023.03.11"]
[Round "9.92"]
[White "Hnydiuk, Aleksander"]
[Black "Ghimpu, Samuel-Timotei"]
[Result "0-1"]
[WhiteElo "2364"]
[BlackElo "2459"]
[EventDate "2023.03.03"]
[PlyCount "56"]

1.Nf3 Nf6 2.c4 g6 3.d4 d6 4.g3 Bg7 5.Bg2 Bf5 6.O-O O-O 7.Ne1 Nc6 8.Nc3 Qc8
9.e4 Bh3 10.Nc2 Re8 11.f3 Bxg2 12.Kxg2 Nd7 13.Be3 Na5 14.b3 c5 15.Qd2 a6 
16.Rad1 Nc6 17.d5 Na5 18.Ne2 Qc7 19.Qe1 b5 20.Bd2 Nb7 21.Bc3 Bxc3 22.Qxc3 
Qa5 23.Qb2 bxc4 24.bxc4 Qa4 25.Ne3 Na5 26.Qc3 Rab8 27.Rd2 Rb4 28.Rc1 Ne5 
0-1

[Event "23rd EUR-ch"]
[Site "Vrnjacka Banja SRB"]
[Date "2023.03.11"]
[Round "9.93"]
[White "Costa, Leonardo"]
[Black "Rozen, Eytan"]
[Result "1/2-1/2"]
[WhiteElo "2364"]
[BlackElo "2458"]
[EventDate "2023.03.03"]
[PlyCount "60"]

1.e4 c5 2.Nf3 Nc6 3.d4 cxd4 4.Nxd4 Nf6 5.Nc3 e5 6.Ndb5 d6 7.Bg5 a6 8.Na3 
b5 9.Nd5 Be7 10.Bxf6 Bxf6 11.c3 Rb8 12.Nc2 Bg5 13.a4 bxa4 14.Ncb4 Nxb4 15.
Nxb4 Bd7 16.Bxa6 Qa5 17.Qe2 Rxb4 18.cxb4 Qxb4+ 19.Kf1 O-O 20.h4 Bd8 21.Kg1
Bb6 22.Kh2 Bd4 23.Rhb1 Rb8 24.Bd3 h6 25.Bc2 Bb5 26.Bd3 Bxd3 27.Qxd3 Bxb2 
28.Ra2 a3 29.Rxa3 Bxa3 30.Rxb4 Bxb4 1/2-1/2

[Event "23rd EUR-ch"]
[Site "Vrnjacka Banja SRB"]
[Date "2023.03.11"]
[Round "9.94"]
[White "Nevednichy, Vladislav"]
[Black "Burcu, Cagatay"]
[Result "1-0"]
[WhiteElo "2457"]
[BlackElo "2331"]
[EventDate "2023.03.03"]
[PlyCount "63"]

1.e4 e6 2.d4 d5 3.Nc3 Nf6 4.e5 Nfd7 5.f4 c5 6.Nf3 Qb6 7.Na4 Qa5+ 8.c3 cxd4
9.b4 Qc7 10.Nxd4 a6 11.Bd2 Be7 12.Be2 Nc6 13.O-O b5 14.Nb2 a5 15.Nxb5 Qb6+
16.Kh1 axb4 17.cxb4 Nxb4 18.Na4 Qd8 19.Nd6+ Bxd6 20.exd6 Na6 21.Bc3 O-O 
22.Qd4 f6 23.Bg4 Kh8 24.Bxe6 Nab8 25.Bxd5 Ra6 26.Nc5 Rxd6 27.Ne6 Qb6 28.
Nxf8 Qxd4 29.Bxd4 Nxf8 30.Bc5 Rxd5 31.Bxf8 Kg8 32.Rfd1 1-0

[Event "23rd EUR-ch"]
[Site "Vrnjacka Banja SRB"]
[Date "2023.03.11"]
[Round "9.95"]
[White "Royal, Shreyas"]
[Black "Piliposian, Robert"]
[Result "1/2-1/2"]
[WhiteElo "2452"]
[BlackElo "2314"]
[EventDate "2023.03.03"]
[PlyCount "46"]

1.e4 c5 2.Nf3 e6 3.d4 cxd4 4.Nxd4 Nf6 5.Nc3 Nc6 6.a3 Be7 7.Be3 Qc7 8.Be2 
a6 9.f4 d6 10.O-O O-O 11.Nb3 b5 12.Bf3 Bb7 13.Qe2 Rac8 14.Rad1 b4 15.axb4 
Nxb4 16.Rfe1 d5 17.e5 Ne4 18.Bd4 Nxc3 19.bxc3 Nc6 20.Bf2 Na5 21.Bd4 Nc6 
22.Bf2 Na5 23.Bd4 Nc6 1/2-1/2

[Event "23rd EUR-ch"]
[Site "Vrnjacka Banja SRB"]
[Date "2023.03.11"]
[Round "9.96"]
[White "Filip, Lucian-Ioan"]
[Black "Godena, Michele"]
[Result "1/2-1/2"]
[WhiteElo "2349"]
[BlackElo "2446"]
[EventDate "2023.03.03"]
[PlyCount "44"]

1.d4 d5 2.c4 dxc4 3.Nf3 Nf6 4.e3 Bg4 5.Bxc4 e6 6.h3 Bh5 7.Nc3 Nbd7 8.Be2 
Bb4 9.O-O O-O 10.Qb3 Qe7 11.Bd2 Rfb8 12.Rfd1 h6 13.Rac1 c6 14.e4 Bxc3 15.
bxc3 e5 16.dxe5 Nxe5 17.Nxe5 Bxe2 18.Re1 Qxe5 19.Rxe2 b5 20.f4 Qe7 21.Kh2 
Rd8 22.e5 Nd7 1/2-1/2